000 00291nam a22001337a 4500
008 181219b xxu||||| |||| 00| 0 eng d
020 _a0070042039
041 _aeng
080 _a101
100 _a24
101 _aFIL
245 _aPhilosophical Ethics
_cBeauchamp,T.L
942 _2udc
_cBK
999 _c53486
_d53486